Europese Landen in 1815 met een Kaart - Statistieken

Algemene statistieken
  • Deze quiz is 2.283 keer genomen
  • De gemiddelde score is 19 van 44
Antwoorden op de kaart
Antwoorden kleurgecodeerd door een groen-rode schaal op de quizkaart volgens % correct hieronder.
 
Antwoordstatistieken
Antwoord % Correct
Frankrijk
98%
Spaanse Rijk
98%
Nederland
97%
Noorwegen
97%
Portugal
97%
Russische Rijk
97%
Zweden
97%
Groot Brittanië en Ierland
94%
Denemarken
93%
Luxemburg
79%
Zwitserse Confederatie
76%
Oostenrijkse Rijk
74%
Ottomaanse Rijk
70%
Pruisen
56%
Twee Siciliën
52%
Sardinië
46%
Hamburg
40%
San Marino
39%
Beieren
38%
Liechtenstein
36%
Monaco
36%
Andorra
33%
Bremen
32%
Saksen-Weimar-Eisenach
30%
Saksen
26%
Montenegro
24%
Pauselijke Staten
22%
Toscane
22%
Baden
19%
Frankfurt
19%
Württemberg
17%
Electoraat van Hesse
16%
Mecklenburg
14%
Hanover
13%
Anhalt
9%
Oldenburg
9%
Parma
9%
Krakau
8%
Modena
8%
Nassau
8%
Lucca
7%
Brunswijk
6%
Hessen
6%
Hohenzollern
6%
Geen overeenkomende quizzen gevonden
Scoreverdeling
Procent van Mensen met Elke Score
Percentiel versus Aantal Correcte Antwoorden
Uw Scoregeschiedenis
U heeft deze quiz nog niet genomen